Veröffentlichungen der Gesellschaft für Fränkische Geschichte Neujahrsblätter Reihe 13 Neujahrsblätter
| Vorheriger Titel: | Gesellschaft für Fränkische Geschichte Neujahrsblätter / Gesellschaft für Fränkische Geschichte |
|---|---|
| Weitere Verfasser: | |
| Format: | Schriftenreihe |
| Sprache: | German |
| Veröffentlicht: |
Stegaurach : Wiss. Komm.-Verl.,
1999-
Neustadt a.d. Aisch : Degener, teils Würzburg : Ges. für Fränkische Geschichte, teils |
| Zugriff auf das übergeordnete Werk: | Veröffentlichungen der Gesellschaft für Fränkische Geschichte |
| LEADER | 01000cas a2200265 c 4500 | ||
|---|---|---|---|
| 001 | 320423921 | ||
| 003 | DE-627 | ||
| 005 | 20260207121316.0 | ||
| 007 | tu | ||
| 008 | 001013c19999999gw z| m| 0 |0ger c | ||
| 015 | |a 08,A13,2367 |2 dnb | ||
| 016 | 7 | |a 020084986 |2 DE-101 | |
| 016 | 7 | |a 2002919-6 |2 DE-600 | |
| 035 | |a (DE-627)320423921 | ||
| 035 | |a (DE-576)083743529 | ||
| 035 | |a (DE-599)ZDB2002919-6 | ||
| 035 | |a (OCoLC)649634790 | ||
| 040 | |a DE-627 |b ger |c DE-627 |e rakwb | ||
| 041 | |a ger | ||
| 044 | |c XA-DE | ||
| 082 | 0 | 4 | |a 943 |q DE-101 |
| 082 | 0 | 4 | |a 900 |a 050 |q DE-600 |
| 110 | 2 | |a Gesellschaft für Fränkische Geschichte |e verfasser |0 (DE-588)2011950-1 |0 (DE-627)10174529X |0 (DE-576)191665665 |4 aut | |
| 245 | 1 | 0 | |a Veröffentlichungen der Gesellschaft für Fränkische Geschichte |n Reihe 13 |p Neujahrsblätter |
| 246 | 1 | |i Ansetzungssachtitel |a Veröffentlichungen der Gesellschaft für Fränkische Geschichte / 13 | |
| 264 | 3 | 1 | |a Stegaurach |b Wiss. Komm.-Verl. |c 1999- |
| 264 | 2 | 1 | |a Neustadt a.d. Aisch |b Degener |c teils |
| 264 | 2 | 1 | |a Würzburg |b Ges. für Fränkische Geschichte |c teils |
| 336 | |a Text |b txt |2 rdacontent | ||
| 337 | |a ohne Hilfsmittel zu benutzen |b n |2 rdamedia | ||
| 338 | |a Band |b nc |2 rdacarrier | ||
| 362 | 0 | |a Nachgewiesen 42.1999 - | |
| 363 | 0 | 0 | |a 42 |i 1999 |
| 655 | 7 | |a Monografische Reihe |0 (DE-588)4179998-7 |0 (DE-627)104628669 |0 (DE-576)209995106 |2 gnd-content | |
| 780 | 0 | 0 | |i Vorg. |a Gesellschaft für Fränkische Geschichte |t Neujahrsblätter / Gesellschaft für Fränkische Geschichte |d Würzburg : Schöningh, 1906 |w (DE-627)130115002 |w (DE-600)504361-X |w (DE-576)015645517 |
| 889 | |w (DE-603)186270569 | ||
| 889 | |w (DE-576)30517875X | ||
| 889 | |w (DE-627)1871407206 | ||
| 912 | |a GBV_ILN_11 | ||
| 912 | |a ISIL_DE-1a | ||
| 912 | |a SYSFLAG_1 | ||
| 912 | |a GBV_KXP | ||
| 912 | |a SSG-OPC-ANG | ||
| 912 | |a GBV_ILN_20 | ||
| 912 | |a ISIL_DE-84 | ||
| 912 | |a GBV_ILN_24 | ||
| 912 | |a ISIL_DE-8 | ||
| 912 | |a GBV_ILN_31 | ||
| 912 | |a ISIL_DE-27 | ||
| 912 | |a GBV_ILN_39 | ||
| 912 | |a ISIL_DE-547 | ||
| 912 | |a GBV_ILN_40 | ||
| 912 | |a ISIL_DE-7 | ||
| 912 | |a GBV_ILN_40_i053 | ||
| 912 | |a GBV_ILN_50 | ||
| 912 | |a ISIL_DE-23 | ||
| 912 | |a GBV_ILN_61 | ||
| 912 | |a ISIL_DE-32 | ||
| 912 | |a GBV_ILN_72 | ||
| 912 | |a ISIL_DE-35 | ||
| 912 | |a GBV_ILN_130 | ||
| 912 | |a ISIL_DE-700 | ||
| 912 | |a GBV_ILN_267 | ||
| 912 | |a ISIL_DE-101 | ||
| 912 | |a GBV_ILN_350 | ||
| 912 | |a ISIL_DE-2795 | ||
| 912 | |a GBV_ILN_350_ | ||
| 912 | |a GBV_ILN_813 | ||
| 912 | |a ISIL_DE-Mue73 | ||
| 912 | |a GBV_ILN_1005 | ||
| 912 | |a ISIL_DE-4287 | ||
| 912 | |a GBV_ILN_1121 | ||
| 912 | |a ISIL_DE-Ma25 | ||
| 912 | |a GBV_ILN_2003 | ||
| 912 | |a ISIL_DE-25 | ||
| 912 | |a GBV_ILN_2004 | ||
| 912 | |a ISIL_DE-25-156 | ||
| 912 | |a GBV_ILN_2005 | ||
| 912 | |a ISIL_DE-291 | ||
| 912 | |a GBV_ILN_2006 | ||
| 912 | |a ISIL_DE-14 | ||
| 912 | |a GBV_ILN_2007 | ||
| 912 | |a ISIL_DE-352 | ||
| 912 | |a GBV_ILN_2008 | ||
| 912 | |a ISIL_DE-24 | ||
| 912 | |a GBV_ILN_2011 | ||
| 912 | |a ISIL_DE-16 | ||
| 912 | |a GBV_ILN_2012 | ||
| 912 | |a ISIL_DE-16-54 | ||
| 912 | |a GBV_ILN_2018 | ||
| 912 | |a ISIL_DE-31 | ||
| 912 | |a GBV_ILN_2030 | ||
| 912 | |a ISIL_DE-77-XXX | ||
| 912 | |a GBV_ILN_2036 | ||
| 912 | |a ISIL_DE-Stg117 | ||
| 912 | |a GBV_ILN_2038 | ||
| 912 | |a ISIL_DE-752 | ||
| 912 | |a GBV_ILN_2046 | ||
| 912 | |a ISIL_DE-N1 | ||
| 912 | |a GBV_ILN_2158 | ||
| 912 | |a ISIL_DE-D115 | ||
| 912 | |a GBV_ILN_2175 | ||
| 912 | |a ISIL_DE-Stg90 | ||
| 912 | |a GBV_ILN_2178 | ||
| 912 | |a ISIL_DE-Wh1 | ||
| 912 | |a GBV_ILN_2355 | ||
| 912 | |a ISIL_DE-Ka81 | ||
| 912 | |a GBV_ILN_2489 | ||
| 912 | |a ISIL_DE-F186 | ||
| 912 | |a GBV_ILN_2579 | ||
| 912 | |a ISIL_DE-Mz5 | ||
| 935 | |i sdedup20220302 | ||
| 936 | s | n | |a n100 |2 mzub |
| 951 | |a ST | ||
| 980 | |2 11 |1 01 |x 0001 |b 879590610 |y x |z 25-06-08 | ||
| 980 | |2 20 |1 01 |x 0084 |b 522717373 |c 00 |f --%%-- |d UB |e g |j --%%-- |y k |z 01-11-01 | ||
| 980 | |2 24 |1 01 |x 0008 |b 1500817090 |c 00 |f 19 |d Einzelsignaturen |e u |j --%%-- |g Bestand: Einzelbandnachweis |h hb |y zz1 |z 02-09-14 | ||
| 980 | |2 31 |1 01 |x 0027 |b 3883881082 |y x |z 10-03-21 | ||
| 980 | |2 39 |1 01 |x 0547 |b 950748137 |y xe |z 15-10-09 | ||
| 980 | |2 40 |1 01 |x 0007 |b 745609295 |y xi053 |z 25-11-05 | ||
| 980 | |2 40 |1 02 |x 0007 |b 1643689584 |y xsn |z 28-10-16 | ||
| 980 | |2 50 |1 01 |x 0023 |b 1420668544 |y x |z 02-08-13 | ||
| 980 | |2 61 |1 01 |x 0032 |b 1286998441 |y x |z 10-01-12 | ||
| 980 | |2 72 |1 01 |x 0035 |b 801940826 |y xz |z 28-11-06 | ||
| 980 | |2 130 |1 01 |x 0700 |b 1105115194 |y xb |z 01-12-09 | ||
| 980 | |2 267 |1 01 |x 0101 |b 3444214316 |c 00 |f 101a |d --%%-- |e --%%-- |j --%%-- |g Bestand: . - Bestand s. Katalog |y b1 |z 28-04-07 | ||
| 980 | |2 267 |1 02 |x 0101 |b 3444214324 |c 00 |f 101b |d --%%-- |e --%%-- |j --%%-- |g Bestand: . - Bestand s. Katalog |y b2 |z 28-04-07 | ||
| 980 | |2 350 |1 01 |x 8293 |b 819161594 |y x |z 11-05-07 | ||
| 980 | |2 813 |1 01 |x 4813 |b 4419183047 |y n |z 07-11-19 | ||
| 980 | |2 1005 |1 01 |x 5005 |b 1615496297 |y x |z 10-05-16 | ||
| 980 | |2 1121 |1 01 |x 4121 |b 4947010118 |y x |z 01-04-26 | ||
| 980 | |2 2003 |1 01 |x DE-25 |b 2374403157 |c 00 |f --%%-- |d --%%-- |e --%%-- |j --%%-- |y l01 |z 06-03-00 | ||
| 980 | |2 2004 |1 01 |x DE-25-156 |b 2579872116 |c 00 |f --%%-- |d Frei 156 |e p |j --%%-- |k Bestand s. Bandaufführung |y l01 |z 04-09-08 | ||
| 980 | |2 2005 |1 01 |x DE-291 |b 3037598816 |c 00 |f --%%-- |d --%%-- |e --%%-- |j --%%-- |y l01 |z 11-12-18 | ||
| 980 | |2 2006 |1 01 |x DE-14 |b 2843845831 |c 00 |f --%%-- |d --%%-- |e --%%-- |j --%%-- |y l01 |z 07-05-15 | ||
| 980 | |2 2007 |1 01 |x DE-352 |b 2557008184 |c 00 |f --%%-- |d --%%-- |e --%%-- |j --%%-- |y l01 |z 29-11-07 | ||
| 980 | |2 2008 |1 01 |x DE-24 |b 2374403181 |c 00 |f --%%-- |d --%%-- |e --%%-- |j --%%-- |y l01 |z 08-11-00 | ||
| 980 | |2 2011 |1 01 |x DE-16 |b 2848148152 |c 00 |f --%%-- |d --%%-- |e --%%-- |j --%%-- |y l01 |z 06-07-15 | ||
| 980 | |2 2012 |1 01 |x DE-16-54 |b 2830729528 |c 00 |f --%%-- |d --%%-- |e p |j --%%-- |y l01 |z 21-01-15 | ||
| 980 | |2 2018 |1 01 |x DE-31 |b 2374403165 |c 00 |f --%%-- |d --%%-- |e --%%-- |j --%%-- |y l01 |z 23-04-02 | ||
| 980 | |2 2018 |1 02 |x DE-31 |b 2639320610 |c 00 |f --%%-- |d --%%-- |e --%%-- |j l |g Bestand: 44.2000. - Einzelnachweis <102 A 50017> |y z01 |z 14-02-03 | ||
| 980 | |2 2030 |1 01 |x DE-77-XXX |b 4909659536 |c 00 |f --%%-- |d --%%-- |e --%%-- |j --%%-- |y l01 |z 16-10-08 | ||
| 980 | |2 2036 |1 01 |x DE-Stg117 |b 2374403173 |c 00 |f --%%-- |d --%%-- |e --%%-- |j --%%-- |y l01 |z 14-11-00 | ||
| 980 | |2 2038 |1 01 |x DE-752 |b 2964811407 |c 00 |f --%%-- |d --%%-- |e --%%-- |j --%%-- |y l01 |z 11-04-17 | ||
| 980 | |2 2046 |1 01 |x DE-N1 |b 259735895X |c 00 |f --%%-- |d 4u.8 Zg FRA 060/4 |e --%%-- |j k |g Bestand: 42.1999 - |y z01 |z 22-04-03 | ||
| 980 | |2 2158 |1 02 |x DE-D115 |b 2802721380 |c 00 |f --%%-- |d Einzelsign. |e --%%-- |j k |g Bestand: . - Bestand s. Katalog |y z01 |z 05-06-14 | ||
| 980 | |2 2175 |1 01 |x DE-Stg90 |b 2686687215 |c 00 |f A7KS |d Einzelsignaturen |e p |j --%%-- |y l01 |z 11-08-11 | ||
| 980 | |2 2178 |1 01 |x DE-Wh1 |b 2640779761 |c 00 |f --%%-- |d --%%-- |e --%%-- |j --%%-- |y l01 |z 07-07-10 | ||
| 980 | |2 2355 |1 01 |x DE-Ka81 |b 2768940453 |c 00 |f --%%-- |d Einzelsignatur |e p |j --%%-- |y l01 |z 02-10-13 | ||
| 980 | |2 2489 |1 01 |x DE-F186 |b 2803855860 |c 00 |f --%%-- |d --%%-- |e --%%-- |j --%%-- |y l01 |z 30-06-14 | ||
| 980 | |2 2579 |1 01 |x DE-Mz5 |b 4722108218 |c 00 |f --%%-- |d --%%-- |e --%%-- |j --%%-- |y l01 |z 07-02-06 | ||
| 983 | |2 2036 |1 01 |x DE-Stg117 |8 00 |0 (DE-627)1298749948 |a A 21/ 75, 13 | ||
| 984 | |2 2011 |1 01 |x DE-16 |a 104750712 | ||
| 984 | |2 2012 |1 01 |x DE-16-54 |a 633621370 | ||
| 985 | |2 267 |1 01 |x 0101 |a L-1999-125861966 | ||
| 985 | |2 267 |1 02 |x 0101 |a F-1999-125861974 | ||
| 987 | |2 2018 |1 02 |x DE-31 |d 44 |j 2000 | ||
| 987 | |2 2046 |1 01 |x DE-N1 |d 42 |j 1999 |6 | ||
| 995 | |2 24 |1 01 |x 0008 |a hb | ||